Famous cartoon characters - Statistics

General Stats
  • This quiz has been taken 161 times
  • The average score is 9 of 15
Answer Stats
Hint Answer % Correct
What's up, doc? Bugs Bunny
92%
I eats my spinach! Popeye
82%
Yabba dabba doooo! Fred Flintstone
76%
Doh! Homer Simpson
72%
Beep! Beep! Road Runner
72%
I tawt I taw a puddy tat Tweety Pie
68%
Rikes, Rraggy! Scooby Doo
67%
That's all folks! Porky Pig
64%
Ay caramba! Bart Simpson
58%
Barnacles! Spongebob Squarepants
57%
Good grief! Charlie Brown
54%
Screw you, guys. I'm going home. Eric Cartman
37%
Aw phooey! Donald Duck
32%
Oh boy! Mickey Mouse
29%
It's because I'm green, isn't it? The Grinch
19%
No matching quizzes found
Score Distribution
Percent of People with Each Score
Percentile by Number Answered
Your Score History
You have not taken this quiz